000 00331nam a2200133Ia 4500
005 20260328104255.0
008 260328s9999||||xx |||||||||||||| ||und||
100 _aBroto, Carles
245 0 _aNueva Arquitectura para la Educación /
_cCarles Broto
260 _bLinks
300 _a292 p.
650 _aARQUITECTURA
942 _cBK
999 _c10390
_d10390